<?xml version="1.0" encoding="UTF-8"?>
<record
    xmlns:xsi="http://www.w3.org/2001/XMLSchema-instance"
    xsi:schemaLocation="http://www.loc.gov/MARC21/slim http://www.loc.gov/standards/marcxml/schema/MARC21slim.xsd"
    xmlns="http://www.loc.gov/MARC21/slim">

  <leader>02770cam a22003495a 4500</leader>
  <controlfield tag="001">15040115</controlfield>
  <controlfield tag="005">20161102142845.0</controlfield>
  <controlfield tag="008">071011s2009    xxc    frb    001 0 eng d</controlfield>
  <datafield tag="010" ind1=" " ind2=" ">
    <subfield code="a">  2006905987</subfield>
  </datafield>
  <datafield tag="020" ind1=" " ind2=" ">
    <subfield code="a">9781551118123 (pbk.)</subfield>
  </datafield>
  <datafield tag="020" ind1=" " ind2=" ">
    <subfield code="a">1551118122 (pbk.)</subfield>
  </datafield>
  <datafield tag="040" ind1=" " ind2=" ">
    <subfield code="a">DLC</subfield>
    <subfield code="b">eng</subfield>
    <subfield code="c">DLC</subfield>
    <subfield code="d">DLC</subfield>
    <subfield code="d">EG-ScBUE</subfield>
  </datafield>
  <datafield tag="043" ind1=" " ind2=" ">
    <subfield code="a">n-cn---</subfield>
  </datafield>
  <datafield tag="082" ind1="0" ind2="4">
    <subfield code="2">22</subfield>
    <subfield code="a">302.230971</subfield>
    <subfield code="b">NES</subfield>
  </datafield>
  <datafield tag="100" ind1="1" ind2=" ">
    <subfield code="a">Nesbitt-Larking, Paul W.</subfield>
    <subfield code="q">(Paul Wingfield),</subfield>
    <subfield code="d">1954-</subfield>
    <subfield code="9">38655</subfield>
  </datafield>
  <datafield tag="245" ind1="1" ind2="0">
    <subfield code="a">Politics, society, and the media  /</subfield>
    <subfield code="c">Paul Nesbitt-Larking.</subfield>
  </datafield>
  <datafield tag="250" ind1=" " ind2=" ">
    <subfield code="a">2nd ed.</subfield>
  </datafield>
  <datafield tag="260" ind1=" " ind2=" ">
    <subfield code="a">Ontario :</subfield>
    <subfield code="b">University of Toronto Press,</subfield>
    <subfield code="c">c.2009.</subfield>
  </datafield>
  <datafield tag="300" ind1=" " ind2=" ">
    <subfield code="a">406 p. ;</subfield>
    <subfield code="c">23 cm.</subfield>
  </datafield>
  <datafield tag="500" ind1=" " ind2=" ">
    <subfield code="a">First published : Ontario: Broadview Press, 2001.</subfield>
  </datafield>
  <datafield tag="500" ind1=" " ind2=" ">
    <subfield code="a">Index : p. 395-406.</subfield>
  </datafield>
  <datafield tag="504" ind1=" " ind2=" ">
    <subfield code="a">Bibliography : p. 375-393.</subfield>
  </datafield>
  <datafield tag="505" ind1=" " ind2=" ">
    <subfield code="a">1. Why? How? What? -- 2. Press gangs : the role of the newspaper in Canadian political life -- 3. The masses and the Masseys : the political history of broadcasting in Canada --
4. The good, the bad, and the ugly : culture, ideology, and the media -- 5. (Almost) everywhere they are in chains : the political economy of communications in Canada -- 6. Sticks, carrots, and party favours : state and political regulation of the media --
7. Life in the sausage factory : possibilities and constraints of media organizations -- 8. The decline and fall of the American empire : space and time in the work of Innis, Grant, and McLuhan -- 9. Mass rallies, mass consumption, and (mass) confusion : approaches to the media in the postmodern world -- 10. Drums and wires: the political deconstruction of Canadian texts -- 11. Moving voters, moving accounts, and moving wallpaper: the politics of reading.</subfield>
  </datafield>
  <datafield tag="520" ind1=" " ind2=" ">
    <subfield code="a">"Politics, Society, and the Media is the first comprehensive political sociology of the media to be published in Canada. Paul Nesbitt-Larking draws upon a range of disciplines, including cultural and media studies, political economy, social theory and political science to provide an analysis of the relationship between power and representation in Canada." "In addition to standard topics on politics and the media, this new edition offers much more: an examination of the media on the politics of gender and aboriginal peoples, the micro-politics of the media workplace, and an exploration of important media-related considerations. Throughout, reference is made to relevant and compelling issues placed within the context of media theory."-</subfield>
  </datafield>
  <datafield tag="590" ind1=" " ind2=" ">
    <subfield code="a">Wessam</subfield>
  </datafield>
  <datafield tag="650" ind1=" " ind2="7">
    <subfield code="a">Mass media </subfield>
    <subfield code="x">Political aspects </subfield>
    <subfield code="z">Canada.</subfield>
    <subfield code="2">BUEsh</subfield>
    <subfield code="9">41648</subfield>
  </datafield>
  <datafield tag="651" ind1=" " ind2=" ">
    <subfield code="2">BUEsh</subfield>
  </datafield>
  <datafield tag="653" ind1=" " ind2=" ">
    <subfield code="b">BUSBOL</subfield>
    <subfield code="c">November2016</subfield>
  </datafield>
  <datafield tag="653" ind1=" " ind2=" ">
    <subfield code="b">COMAME</subfield>
    <subfield code="c">November2016</subfield>
  </datafield>
  <datafield tag="856" ind1="4" ind2="1">
    <subfield code="3">Table of contents</subfield>
    <subfield code="u">http://www.loc.gov/catdir/toc/fy0801/2006905987.html</subfield>
  </datafield>
  <datafield tag="942" ind1=" " ind2=" ">
    <subfield code="2">ddc</subfield>
    <subfield code="e">22</subfield>
    <subfield code="k">302.230971 NES</subfield>
  </datafield>
  <datafield tag="999" ind1=" " ind2=" ">
    <subfield code="c">23004</subfield>
    <subfield code="d">22976</subfield>
  </datafield>
  <datafield tag="952" ind1=" " ind2=" ">
    <subfield code="0">0</subfield>
    <subfield code="1">0</subfield>
    <subfield code="2">ddc</subfield>
    <subfield code="4">0</subfield>
    <subfield code="7">0</subfield>
    <subfield code="8">Baccah</subfield>
    <subfield code="a">MAIN</subfield>
    <subfield code="b">MAIN</subfield>
    <subfield code="c">1ST</subfield>
    <subfield code="d">2016-11-02</subfield>
    <subfield code="e">Purchase</subfield>
    <subfield code="g">402.00</subfield>
    <subfield code="h">3634</subfield>
    <subfield code="l">0</subfield>
    <subfield code="o">302.230971 NES</subfield>
    <subfield code="p">000034500</subfield>
    <subfield code="r">2025-07-15 00:00:00</subfield>
    <subfield code="v">502.50</subfield>
    <subfield code="y">BB</subfield>
  </datafield>
</record>
